[Event "AUTO-OPEN-2989"]
[Site "http://www.queenalice.com/game.php?id=1181051"]
[Date "2013.5.13"]
[Round "1"]
[White "eu555"]
[Black "lk"]
[Result "0-1"]
[WhiteElo "1472"]
[BlackElo "1729"]

1. d4 d5 2. e3 Bf5 3. Nh3 Nf6 4. Nf4 e6 5. Bd3 Bxd3 6. Qxd3 Nc6 7. O-O Bd6 8. b3
O-O 9. g3 Nb4 10. Qe2 c5 11. a3 Nc6 12. dxc5 Bxc5 13. b4 Bb6 14. Bb2 Ne4 15. Nd2
Qd6 16. Nxe4 Qe7 17. Nd2 Rad8 18. Ng2 f5 19. Nf3 e5 20. Nfe1 d4 21. exd4 Nxd4
22. Bxd4 Bxd4 23. Nf3 Bxa1 24. Rxa1 e4 25. Nfe1 Qg5 26. Rd1 Rxd1 27. Qxd1 b6 28.
h4 Qg6 29. Kh2 Qc6 30. Ne3 f4 31. gxf4 Qf6 32. Qg4 Qb2 0-1

[Event "AUTO-OPEN-2989"]
[Site "http://www.queenalice.com/game.php?id=1181075"]
[Date "2013.5.13"]
[Round "1"]
[White "lk"]
[Black "clovis"]
[Result "1-0"]
[WhiteElo "1717"]
[BlackElo "1963"]

1. e4 e5 2. d4 exd4 3. c3 dxc3 4. Bc4 cxb2 5. Bxb2 Nf6 6. e5 Bb4+ 7. Nc3 Qe7 8.
Nf3 d6 9. O-O dxe5 10. Nxe5 O-O 11. Re1 Be6 12. Nf3 Nc6 13. Ng5 h6 14. Nxe6 fxe6
15. Rxe6 Qf7 16. Rxc6 bxc6 17. Bxf7+ 1-0

[Event "AUTO-OPEN-2989"]
[Site "http://www.queenalice.com/game.php?id=1181076"]
[Date "2013.5.13"]
[Round "1"]
[White "clovis"]
[Black "lk"]
[Result "1-0"]
[WhiteElo "1980"]
[BlackElo "1723"]

1. e4 e5 2. Bc4 Nf6 3. d3 Be7 4. Nc3 O-O 5. Bg5 d6 6. Nf3 Be6 7. Bb3 Nbd7 8. O-O
Ng4 9. Bxe7 Qxe7 10. Nd5 Ndf6 11. h3 Nh6 12. Nxe7+ 1-0

[Event "AUTO-OPEN-2989"]
[Site "http://www.queenalice.com/game.php?id=1181077"]
[Date "2013.5.13"]
[Round "1"]
[White "lk"]
[Black "fisionboy"]
[Result "0-1"]
[WhiteElo "1750"]
[BlackElo "1688"]

1. e4 c5 2. f4 Nc6 3. Nf3 d6 4. Bc4 Nf6 5. Nc3 g6 6. O-O Bg7 7. e5 dxe5 8. fxe5
Ng4 9. Bxf7+ Kxf7 10. Ng5+ Ke8 11. Nf7 Qd4+ 12. Kh1 Nf2+ 13. Rxf2 Qxf2 14. Nxh8
Bxh8 15. Ne4 Qf4 16. d3 Qxe5 17. Nc3 Bf5 18. Qf3 Qe1+ 0-1

[Event "AUTO-OPEN-2989"]
[Site "http://www.queenalice.com/game.php?id=1181078"]
[Date "2013.5.13"]
[Round "1"]
[White "fisionboy"]
[Black "lk"]
[Result "1-0"]
[WhiteElo "1800"]
[BlackElo "1702"]

1. d4 d5 2. c4 e6 3. Nc3 Nf6 4. a3 Be7 5. Bf4 c6 6. Nf3 O-O 7. e3 Nbd7 8. Bd3
Nb6 9. c5 Nbd7 10. Qc2 b5 11. O-O a5 12. Ng5 g6 13. f3 Nh5 14. Nh3 Ba6 15. b4
Nxf4 16. Nxf4 e5 17. dxe5 Nxe5 18. Be2 Bf6 19. Rad1 Bc8 20. Nfxd5 cxd5 21. Nxd5
Bd7 22. f4 Nc4 23. Bxc4 bxc4 24. Nxf6+ Qxf6 25. Rxd7 Qe6 26. Rdd1 axb4 27. axb4
Qxe3+ 28. Kh1 Ra3 29. Qxc4 Rfa8 30. Qd4 Qb3 31. Rb1 Qa4 32. h3 Qc2 33. b5 Ra2
34. Qd5 Qe2 35. b6 Rd2 36. b7 Rb8 37. Qf3 Qe7 38. c6 Rc2 39. Rfc1 Qc5 40. Rxc2
Qxc2 41. Ra1 Qc5 42. Ra8 1-0

[Event "AUTO-OPEN-2993"]
[Site "http://www.queenalice.com/game.php?id=1182550"]
[Date "2013.5.19"]
[Round "1"]
[White "lk"]
[Black "Piotrek"]
[Result "1-0"]
[WhiteElo "1700"]
[BlackElo "1258"]

1. e4 e5 2. Qh5 Nf6 3. Qe2 c5 4. Nf3 Nc6 5. Nc3 g6 6. d3 a6 7. Be3 b5 8. g3 Be7
9. Bg2 b4 10. Na4 d6 11. O-O Be6 12. Bh6 Ng4 13. Be3 O-O 14. c3 Qa5 15. b3 Nxe3
16. fxe3 bxc3 17. Qc2 f5 18. Nxc3 fxe4 19. dxe4 Nb4 20. Qd2 d5 21. exd5 Nxd5 22.
Rac1 Nxc3 23. Rxc3 Bg4 24. Nxe5 Rad8 25. Qc2 Bf6 26. Nc6 1-0

[Event "AUTO-OPEN-2993"]
[Site "http://www.queenalice.com/game.php?id=1182551"]
[Date "2013.5.19"]
[Round "1"]
[White "Piotrek"]
[Black "lk"]
[Result "0-1"]
[WhiteElo "1260"]
[BlackElo "1698"]

1. d4 d5 2. b4 Bf5 3. c3 Nf6 4. a4 Nbd7 5. a5 e5 6. g3 exd4 7. Qxd4 Be7 8. Bg5
O-O 9. Bg2 c6 10. Nf3 Ne8 11. Bxe7 Qxe7 12. e3 Nd6 13. O-O Nb5 14. Qf4 Bg6 15.
Nd4 Bxb1 16. Raxb1 Nxc3 17. Nf5 Qf6 18. Nd6 Qxf4 19. exf4 Nxb1 20. Rxb1 Rab8 21.
b5 Nc5 22. f5 f6 23. bxc6 bxc6 24. Rc1 Nd3 25. Rxc6 Rb1+ 26. Bf1 Ne5 0-1

[Event "AUTO-OPEN-2993"]
[Site "http://www.queenalice.com/game.php?id=1182552"]
[Date "2013.5.19"]
[Round "1"]
[White "lk"]
[Black "kuntakinte"]
[Result "0-1"]
[WhiteElo "1723"]
[BlackElo "1739"]

1. e4 e5 2. d4 c6 3. dxe5 Qa5+ 4. Nc3 Qxe5 5. a3 Nf6 6. Bd3 d5 7. Nf3 Qe6 8. e5
Nfd7 9. O-O Nxe5 10. Nxe5 Qf6 11. Be3 Qxe5 12. Re1 Be7 13. Bc5 Qg5 14. Bxe7 Qxe7
15. Rxe7+ Kxe7 16. Qe2+ Be6 17. Re1 Re8 18. Bf5 Kf8 19. Qg4 g6 20. Bxe6 fxe6 21.
Rxe6 Nd7 22. h4 Re7 23. Rxe7 Kxe7 24. h5 Rg8 25. hxg6 hxg6 26. f4 Nf6 27. Qg5
Kf7 28. Qe5 Rc8 29. Na4 b6 30. f5 gxf5 31. Qf4 Kg6 32. c4 Re8 33. cxd5 Nxd5 34.
Qd6+ Kg7 35. Qxc6 Nf6 36. Qb7+ Kg8 37. Qxa7 Ng4 38. Nxb6 Re1# 0-1

[Event "AUTO-OPEN-2993"]
[Site "http://www.queenalice.com/game.php?id=1182553"]
[Date "2013.5.19"]
[Round "1"]
[White "kuntakinte"]
[Black "lk"]
[Result "1-0"]
[WhiteElo "1754"]
[BlackElo "1755"]

1. e4 e5 2. Nf3 Nc6 3. c3 Nf6 4. Bd3 Be7 5. O-O d6 6. h3 O-O 7. b4 Be6 8. Na3
Qd7 9. Ng5 a6 10. Nc4 b5 11. Ne3 h6 12. Nf3 Nh5 13. Be2 Nf4 14. Nf5 Bxf5 15.
exf5 Qxf5 16. d4 Qg6 17. Bxf4 exf4 18. d5 Ne5 19. Nd4 f5 20. Bd3 h5 21. Bc2 Nc4
22. Ne6 Kh8 23. Nxf8 Rxf8 24. Re1 Ne5 25. Kh1 Bh4 26. Qd4 f3 27. Rg1 Qh6 28.
Qxh4 g5 29. Qd4 Kg8 30. g3 h4 31. g4 fxg4 32. hxg4 h3 33. Kh2 Rf4 34. Qe3 Nxg4+
35. Kh1 Nf6 36. Rg3 g4 37. Bd1 Nh5 38. Rg1 Qg6 39. Rc1 g3 40. Bxf3 Qf7 41. Bxh5
g2+ 42. Kh2 1-0

[Event "AUTO-OPEN-2993"]
[Site "http://www.queenalice.com/game.php?id=1182554"]
[Date "2013.5.19"]
[Round "1"]
[White "lk"]
[Black "sergiogvh"]
[Result "0-1"]
[WhiteElo "1712"]
[BlackElo "2319"]

1. e4 e6 2. d4 d5 3. e5 c5 4. c3 Nc6 5. Bb5 Bd7 6. a4 a6 7. Be2 cxd4 8. cxd4
Bb4+ 9. Nc3 Bxc3+ 10. bxc3 Qa5 11. Bd2 Nge7 12. Nf3 O-O 13. c4 Qc7 14. O-O dxc4
15. Bxc4 Nxd4 16. Rc1 Nxf3+ 17. Qxf3 Bc6 18. Qg3 Nf5 19. Qb3 Qxe5 20. Bc3 Qe4
21. f3 Qe3+ 22. Kh1 b5 23. axb5 axb5 24. Rfe1 bxc4 25. Qxc4 Bd5 26. Qg4 Qb6 27.
Re5 Rfc8 28. h4 Rxc3 29. Rxc3 Ra1+ 30. Kh2 Qg1+ 31. Kh3 Qh1# 0-1

[Event "AUTO-OPEN-2993"]
[Site "http://www.queenalice.com/game.php?id=1182555"]
[Date "2013.5.19"]
[Round "1"]
[White "sergiogvh"]
[Black "lk"]
[Result "1-0"]
[WhiteElo "2320"]
[BlackElo "1735"]

1. e4 e5 2. f4 exf4 3. Nf3 d6 4. d4 Bg4 5. Be2 Bxf3 6. Bxf3 Nf6 7. Bxf4 Be7 8.
O-O O-O 9. Nc3 Nbd7 10. Qe2 c5 11. e5 Ne8 12. e6 fxe6 13. Qxe6+ Kh8 14. Bxb7 Rb8
15. Bc6 Ndf6 16. dxc5 Rc8 17. Rae1 Rxc6 18. Qxe7 Qxe7 19. Rxe7 dxc5 20. Rxa7 Nd6
21. Bxd6 Rxd6 22. Ne4 Rd2 23. Nxd2 1-0

[Event "AUTO-ADV-2853"]
[Site "http://www.queenalice.com/game.php?id=1182678"]
[Date "2013.5.19"]
[Round "1"]
[White "lk"]
[Black "luizpessoa"]
[Result "1/2-1/2"]
[WhiteElo "1703"]
[BlackElo "1751"]

1. e4 e5 2. d4 Nf6 3. Nc3 exd4 4. Qxd4 d6 5. Bc4 c5 6. Qd3 Be7 7. Nf3 a6 8. O-O
h6 9. Nd5 Nc6 10. Bf4 Bg4 11. c3 g5 12. Bg3 Nh5 13. Rae1 Nxg3 14. fxg3 b5 15.
Ne3 Bxf3 16. Rxf3 Ne5 17. Bxf7+ Kd7 18. Qd5 Nxf3+ 19. gxf3 Kc7 20. c4 b4 21. Nf5
h5 22. e5 Rf8 23. e6 Rh8 24. Bg6 h4 25. g4 a5 26. Rd1 a4 27. Ne3 Rf8 28. Kf2 Rf6
29. Bf7 a3 30. b3 Qh8 31. Qd2 h3 32. Nd5+ Kd8 33. Nxf6 Qxf6 34. Qe2 Qf4 35. Kg1
Kc7 36. Qe4 Qxe4 37. fxe4 Rh8 38. Kf2 Rh6 39. Kg3 Kc6 40. Rd5 Rf6 41. Rd1 Rf4
42. Bg6 Rf6 43. Bf5 Rh6 44. Rd5 1/2-1/2

[Event "AUTO-ADV-2853"]
[Site "http://www.queenalice.com/game.php?id=1182679"]
[Date "2013.5.19"]
[Round "1"]
[White "luizpessoa"]
[Black "lk"]
[Result "0-1"]
[WhiteElo "1753"]
[BlackElo "1705"]

1. d4 d5 2. Nc3 Bf5 3. Bf4 a6 4. h3 Nf6 5. e3 e6 6. Bd3 Bg6 7. Bxg6 fxg6 8. a3
Bd6 9. Bg5 Be7 10. Nf3 O-O 11. b4 Nbd7 12. h4 Nb6 13. Ne5 Nc4 14. Nxc4 Nd7 15.
Ne5 Nxe5 16. Bxe7 Qxe7 17. dxe5 c5 18. bxc5 Qxc5 19. Qd2 Rac8 20. Ne2 Qc4 21.
Rc1 Qe4 22. f3 Qxe5 23. f4 Qe4 24. Rg1 e5 25. fxe5 Qxe5 26. Nf4 Rxf4 27. Rf1
Rxh4 28. c3 Re8 29. Rf3 Rh1+ 30. Kf2 Rxc1 31. Qxc1 b5 32. Qc2 Qe4 33. Qxe4 dxe4
34. Rf4 g5 35. Rf5 Rf8 36. Rxf8+ Kxf8 37. Kg3 h5 38. Kh3 g4+ 39. Kh4 g6 40. Kg5
Kf7 41. Kf4 Ke6 42. Kxe4 g5 43. Kd4 Kd6 44. e4 h4 45. Ke3 Ke5 46. Kd3 h3 47.
gxh3 gxh3 48. c4 bxc4+ 49. Kxc4 h2 50. Kc5 h1=Q 51. a4 Qxe4 52. a5 Qd5+ 53. Kb6
Qa8 54. Kc7 g4 55. Kb6 g3 56. Kc7 g2 57. Kb6 g1=Q+ 58. Kc7 Qc1+ 59. Kb6 Qac6+
60. Ka7 Q1c5+ 61. Kb8 Q5b5+ 62. Ka7 Qbb7# 0-1

[Event "AUTO-ADV-2853"]
[Site "http://www.queenalice.com/game.php?id=1182680"]
[Date "2013.5.19"]
[Round "1"]
[White "lk"]
[Black "charles"]
[Result "0-1"]
[WhiteElo "1702"]
[BlackElo "2013"]

1. e4 e5 2. d4 exd4 3. c3 dxc3 4. Bc4 cxb2 5. Bxb2 d6 6. Nf3 Nf6 7. Nc3 Bg4 8.
O-O Be7 9. Be2 O-O 10. Qc2 Nbd7 11. Nd5 Nxd5 12. exd5 Bf6 13. Bd3 g6 14. Nd2 Ne5
15. Be4 c6 16. f4 Nd7 17. dxc6 Bxb2 18. Qxb2 bxc6 19. Bxc6 Rb8 20. Qd4 Nc5 21.
Bd5 Bf5 22. Nc4 Rb4 23. Rac1 Qb6 24. Qf2 Qa6 25. Qd4 Qb6 26. Qf2 Qb5 27. Qd2 Bd3
28. Rfe1 Bxc4 29. Bxc4 Rxc4 30. Qxd6 Ne4 31. Qe7 Qb6+ 0-1

[Event "AUTO-ADV-2853"]
[Site "http://www.queenalice.com/game.php?id=1182681"]
[Date "2013.5.19"]
[Round "1"]
[White "charles"]
[Black "lk"]
[Result "1/2-1/2"]
[WhiteElo "2010"]
[BlackElo "1690"]

1. e4 e5 2. Nf3 Nc6 3. Bd3 Nf6 4. O-O d6 5. h3 Be7 6. b3 O-O 7. Bb2 Be6 8. Nc3
Nd7 9. Ne2 Nc5 10. c4 Nxd3 11. Bc3 f5 12. exf5 Bxf5 13. Ng3 Bg6 14. Ne1 Nc5 15.
f3 Bh4 16. Ne2 Bxe1 17. Qxe1 Nd3 18. Qg3 Rf6 19. f4 Rf7 20. fxe5 Ndxe5 21. Nf4
Qd7 22. d4 Rxf4 23. Rxf4 Nd3 24. Rf3 Ndb4 25. d5 Ne5 26. Bxb4 Nxf3+ 27. Qxf3 Rf8
28. Qg3 Qf5 29. Kh2 b6 30. Re1 a5 31. Bc3 Qf4 32. Re7 Qxg3+ 33. Kxg3 Rf7 34. Re1
h6 35. Bd4 Rf8 36. Bg1 Re8 37. Rxe8+ Bxe8 38. Kf4 Bd7 39. g4 g5+ 40. Kg3 Kf7 41.
Bd4 Kg6 42. h4 1/2-1/2

[Event "AUTO-ADV-2853"]
[Site "http://www.queenalice.com/game.php?id=1182682"]
[Date "2013.5.19"]
[Round "1"]
[White "lk"]
[Black "agilulfo"]
[Result "0-1"]
[WhiteElo "1728"]
[BlackElo "1833"]

1. e4 c5 2. f4 d6 3. Nf3 Nf6 4. Nc3 g6 5. Bc4 Bg7 6. O-O Bg4 7. d4 cxd4 8. Qxd4
Nc6 9. Bb5 O-O 10. Bxc6 bxc6 11. Ng5 c5 12. Qf2 e6 13. e5 dxe5 14. fxe5 Nd7 15.
Nb5 Nxe5 16. c3 Qb6 17. a4 Nd3 18. Qg3 Be2 19. Be3 Bxf1 20. Kxf1 Nxb2 21. Rb1
Nxa4 22. Na3 Qa6+ 23. Kg1 Nxc3 24. Rb3 Ne2+ 0-1

[Event "AUTO-ADV-2853"]
[Site "http://www.queenalice.com/game.php?id=1182683"]
[Date "2013.5.19"]
[Round "1"]
[White "agilulfo"]
[Black "lk"]
[Result "0-1"]
[WhiteElo "1897"]
[BlackElo "1708"]

1. d4 d5 2. c4 e6 3. Nc3 Nf6 4. Bg5 Be7 5. e3 O-O 6. Nf3 Nbd7 7. Bxf6 Nxf6 8.
Rc1 c5 9. cxd5 exd5 10. g3 Bg4 11. Bg2 Ne4 12. O-O Ng5 13. Nxg5 Bxd1 14. Rfxd1
Bxg5 15. dxc5 Qa5 16. Rxd5 Bf6 17. c6 Qc7 18. Rd7 Qb6 19. cxb7 Rab8 20. Nd5 Qxb2
21. Rdc7 Rxb7 22. Nxf6+ gxf6 23. Bxb7 Qxa2 24. Be4 a5 25. Rc8 Qa3 26. Rxf8+ Kxf8
27. Rd1 Qb4 28. Bxh7 a4 29. Rb1 Qc3 30. Rf1 a3 31. Bb1 Qb2 32. h4 a2 33. Bxa2
Qxa2 34. Kg2 Qd5+ 35. Kh3 Qf5+ 36. Kh2 Qg4 37. f3 Qc4 38. Rg1 Qe2+ 39. Kh3 Qxf3
40. Re1 Qf2 41. Rh1 Qxe3 42. h5 Kg7 43. Kh4 Kh6 44. g4 f5 45. Rf1 Qg5+ 0-1

[Event "AUTO-ADV-2917"]
[Site "http://www.queenalice.com/game.php?id=1202909"]
[Date "2013.7.27"]
[Round "1"]
[White "lk"]
[Black "Artking"]
[Result "0-1"]
[WhiteElo "1730"]
[BlackElo "1897"]

1. e4 b6 2. f4 Bb7 3. Nc3 Nf6 4. d3 e6 5. Nf3 Bb4 6. Bd2 Nc6 7. Be2 d6 8. O-O
Bc5+ 9. Kh1 Ng4 10. Qe1 Ne3 11. Bxe3 Bxe3 12. Bd1 Bxf4 13. d4 Qe7 14. g3 Bh6 15.
Qf2 O-O-O 16. Be2 Rdf8 17. a3 f5 18. Bd3 fxe4 19. Bxe4 g5 20. Qd2 Rf6 21. Qd3
Rhf8 22. a4 d5 23. Bxd5 exd5 24. Nxd5 Qd8 25. Rad1 g4 26. Nxf6 Rxf6 27. d5 Nb4
28. Qxh7 Nxd5 29. c4 Ne3 30. Rxd8+ Kxd8 31. Qh8+ Ke7 32. Re1 Bxf3+ 33. Kg1 Re6
34. Qc8 Kd6 35. Qh8 Kc5 36. b3 Kb4 37. Qb2 Rd6 38. Qe5 Rd3 39. Qb5+ Ka3 40. Qh5
Bf8 41. h3 Bc5 42. Kh2 Rd2+ 43. Kg1 Rg2+ 44. Kh1 Re2+ 45. Kg1 Nf5+ 0-1

[Event "AUTO-ADV-2917"]
[Site "http://www.queenalice.com/game.php?id=1202910"]
[Date "2013.7.27"]
[Round "1"]
[White "Artking"]
[Black "lk"]
[Result "1-0"]
[WhiteElo "1889"]
[BlackElo "1721"]

1. e4 e5 2. Nf3 Nc6 3. Bb5 a6 4. Ba4 b5 5. Bb3 Be7 6. O-O Nf6 7. Qe2 O-O 8. c3
d6 9. h3 Na5 10. Bc2 Be6 11. d4 exd4 12. cxd4 c6 13. Rd1 Bc4 14. Qe3 Qb6 15. e5
Nd5 16. Qe4 g6 17. b3 f5 18. exf6 Bxf6 19. bxc4 Nxc4 20. Ng5 Rae8 21. Qd3 Nb4
22. Qb3 Bxd4 23. Rxd4 Qxd4 24. Ne4 Nxc2 25. Qxc2 Rxe4 26. Nc3 Re1+ 27. Kh2 Qe5+
28. g3 d5 29. Bf4 Qe6 30. Rxe1 Qxe1 31. h4 Qa1 32. Qd3 Qd1 33. Nxd1 1-0

[Event "AUTO-ADV-2917"]
[Site "http://www.queenalice.com/game.php?id=1202912"]
[Date "2013.7.27"]
[Round "1"]
[White "clovis"]
[Black "lk"]
[Result "1-0"]
[WhiteElo "1883"]
[BlackElo "1739"]

1. e4 e5 2. Bc4 Be7 3. Nf3 Nf6 4. Nxe5 O-O 5. Nc3 d6 6. Nf3 Be6 7. Bb3 Nbd7 8.
d4 Bxb3 9. axb3 Nb6 10. O-O Qd7 11. Bg5 Rfe8 12. Qe2 a6 13. Rad1 Ng4 14. h3 f6
15. Bc1 Nh6 16. Bxh6 gxh6 17. Nh4 Kh8 18. Nf5 Rg8 19. Qh5 Qe6 20. d5 Qe5 21. f4
1-0

[Event "AUTO-ADV-2917"]
[Site "http://www.queenalice.com/game.php?id=1202913"]
[Date "2013.7.27"]
[Round "1"]
[White "lk"]
[Black "luizpessoa"]
[Result "0-1"]
[WhiteElo "1733"]
[BlackElo "1842"]

1. e4 e5 2. d4 exd4 3. c3 dxc3 4. Bc4 d6 5. Nxc3 Nf6 6. f4 a6 7. f5 Be7 8. Nf3
b5 9. Bb3 Bb7 10. O-O h6 11. Qc2 c5 12. e5 dxe5 13. Bxf7+ Kxf7 14. Nxe5+ Kg8 15.
Bd2 Qd4+ 16. Kh1 Qxe5 17. Rae1 Qc7 18. Bf4 Qd7 19. Rd1 Qc6 20. Rde1 Bf8 21. Re6
Qc8 22. Qd2 b4 23. Na4 Bc6 24. Nb6 Qb7 25. Nxa8 Qxa8 26. Qd8 Bxg2+ 27. Kg1 Bh1
28. Rf2 Ng4 29. Rfe2 Qf3 30. Re8 Kh7 31. Bxh6 Nxh6 32. Qg5 Nxf5 33. R8e6 Nd4 34.
Qg6+ Kg8 35. Rf2 Qd1+ 36. Rf1 Nf3+ 37. Kf2 Rxh2+ 0-1

[Event "AUTO-ADV-2917"]
[Site "http://www.queenalice.com/game.php?id=1202914"]
[Date "2013.7.27"]
[Round "1"]
[White "luizpessoa"]
[Black "lk"]
[Result "0-1"]
[WhiteElo "1821"]
[BlackElo "1710"]

1. d4 d5 2. Nc3 Nf6 3. Bf4 a6 4. e3 Bf5 5. h3 e6 6. g4 Be4 7. f3 Bg6 8. h4 h6 9.
h5 Bh7 10. Be5 Nbd7 11. Bg2 c5 12. Bxf6 Qxf6 13. dxc5 Bxc5 14. Qd2 d4 15. Ne4
Bxe4 16. fxe4 dxe3 17. Qd3 Qf2+ 18. Kd1 O-O-O 19. Qe2 Ne5+ 20. Kc1 Nxg4 21. b3
Rd2 22. Qxf2 Rxf2 23. Bh3 Ne5 24. Kb2 Bd4+ 25. Ka3 Bxa1 26. Ne2 Rxe2 27. Rxa1
Rxc2 28. Re1 Rc3 29. Bf1 Kb8 30. Rd1 Rhc8 31. Rd4 Nc6 32. Rd7 Ne5 33. Rd4 Nf3
34. Rc4 Nd2 35. Rxc3 Rxc3 36. Bc4 Rxc4 37. bxc4 Nxe4 38. Kb3 e2 39. Ka4 e1=Q 40.
a3 b5+ 41. cxb5 axb5+ 42. Kxb5 f5 43. a4 f4 44. a5 f3 45. Kb6 f2 46. a6 Qb1+ 47.
Ka5 Ka7 48. Ka4 f1=Q 49. Ka3 Qxa6# 0-1